000 00559nam a2200193Ia 4500
005 20250730160938.0
008 008 250516s9999 xx 000 0 hin d
020 _a8170556155
040 _beng
_cSDCL
041 _ahin
_2hin
084 _aO152,3N26 P7.3
245 0 _aDharamvir Bharti Granthawali
246 _aधरमवीर भारती ग्रंथावली
260 _aNew Delhi :
_bVani Prakashan,
_c2007.
300 _a9 Volumes
650 _aHindi
700 _aBandivadekar, Chandrakant Ed.
_9816978
942 _cTEXL
_2CC
999 _c1430447
_d1430447